000 00631nam a22001937a 4500
005 20150521115828.0
010 _aENG-112700
020 _a9789380651538
_c850.00
035 _aEN-96232
037 _bDBAD/PUB
082 _a302.230954
100 _aRituraj, Arvind
245 _aDialogues with the masses :
_cby Arvind Rituraj
_bin ancient India /
260 _aDelhi
_bVidyanidhi Prakashan
_c2013
270 _aD-10/1061, (Near Shri Mahagauri Mandir), Khajuri Khas,
_bDelhi
_e110094
300 _a288p.
_c23cm(Hb)
500 _aIncludes bibliographical references
942 _2ddc
_cEN
_mRIT
_h302.230954
999 _c92912
_d92912